000 00507nam a22001937a 4500
003 OSt
005 20150316173811.0
008 150316b xxu||||| |||| 00| 0 eng d
020 _a84-320-4122-X
040 _cBMC
082 _a863
100 1 _aSalmador, Víctor
_932780
245 1 4 _aLos delfines del presidente
_cVictor Salmador
260 _aBarcelona
_bPlaneta
_c[1978]
300 _aXII, 271 p.
_c18 cm
490 _aFábula
_v23
650 2 4 _929289
_aNovela española
942 _2ddc
_cBK
_hahoj
999 _c19621
_d19621